Principles of Integrated Rescue System in the Slovak Republic

Finančná podpora bezpečnostných a záchranných síl sa musí zohľadniť nielen v prípade núdze, ale aj počas prípravného obdobia na riešenie problémov. Vďaka primeranej finančnej podpore bolo možné vytvoriť kvalitný informačný systém medzi sektormi zaoberajúcimi sa krízovým riadením v oblasti zdravotnej...

Descripción completa

Guardado en:
Detalles Bibliográficos
Autor principal: Janas, Karol
Otros Autores: Kucharčík, Rudolf, 1977-
Formato: Capítulo de libro
Lenguaje:inglés
Materias:
Etiquetas: Agregar Etiqueta
Sin Etiquetas, Sea el primero en etiquetar este registro!

MARC

LEADER 00000naa$a2200000$$$4500
001 0262530
005 20240502083754.3
041 0 |a eng 
044 |a BG 
245 1 0 |a Principles of Integrated Rescue System in the Slovak Republic  |c Karol Janas, Rudolf Kucharčík 
520 |a Finančná podpora bezpečnostných a záchranných síl sa musí zohľadniť nielen v prípade núdze, ale aj počas prípravného obdobia na riešenie problémov. Vďaka primeranej finančnej podpore bolo možné vytvoriť kvalitný informačný systém medzi sektormi zaoberajúcimi sa krízovým riadením v oblasti zdravotnej bezpečnosti a najmä integrovaným záchranným systémom. Najmä po vstupe Slovenskej republiky do Európskej únie a Organizácie Severoatlantickej zmluvy sa charakter hrozieb pre obyvateľstvo Slovenskej republiky zmenil. Vstup do európskych a transatlantických štruktúr priniesol spolu s nesporným zvýšením bezpečnosti aj možnosť pred neočakávanými útokmi na civilné obyvateľstvo. Najmä na Slovensku sa zmenilo vnímanie teroristických hrozieb. 
610 2 0 |a zdravotníctvo 
610 2 0 |a bezpečnosť 
610 2 0 |a systémy informačné 
610 2 0 |a služby zdravotnícke 
610 2 0 |a Slovensko 
610 2 0 |a financie 
610 2 0 |a Európska únia 
100 1 |a Janas, Karol 
700 1 |a Kucharčík, Rudolf, 1977-